Countries With Capitals That Both End in A - Statistics

General Stats
  • This quiz has been taken 94 times
  • The average score is 28 of 44
Answer Stats
Hint Answer % Correct
Canada
83%
Angola
81%
Austria
81%
A Vienna
81%
O Ottawa
80%
Australia
78%
Latvia
77%
Slovakia
75%
A Canberra
73%
A Luanda
73%
R Riga
73%
Albania
72%
S Bratislava
69%
Colombia
69%
Nicaragua
69%
Samoa
69%
B Bogota
67%
Bulgaria
67%
N Managua
64%
B Sofia
64%
XXXX Cuba
63%
Nigeria
63%
T Tirana
63%
N Abuja
61%
J Jakarta
61%
Slovenia
61%
Indonesia
59%
S Apia
58%
C Havana
58%
L Ljubljana
58%
V Valletta
58%
Ghana
56%
Malta
56%
G Accra
53%
Eritrea
52%
Liberia
52%
L Lusaka
50%
D Dodoma
47%
Tanzania
47%
K Kampala
45%
L Monrovia
45%
Zambia
45%
Uganda
42%
E Asmara
41%
No matching quizzes found
Score Distribution
Percent of People with Each Score
Percentile by Number Answered
Your Score History
You have not taken this quiz